01549nam a2200385 a 4500001001200000003000800012006001900020007001500039008004100054010001700095020004200112020002700154040002100181035002100202041001300223050002600236082001400262100002900276240004700305245011800352260003800470300002600508490009000534504005300624533015200677600002900829600002600858650003600884655002900920700001900949710001700968830003500985856012601020999001701146ebr10639348CaPaEBRm u cr cn|||||||||120827s2013 ne a sb 001 0deng d z 2012035045 z9789004227088 (hardback : alk. paper) z9789004241718 (e-book) aCaPaEBRcCaPaEBR a(OCoLC)8232417351 aenghgrc14aQ151.A8bS5713 2013eb04a523.42230 aSimplicius,cof Cilicia.10aAristotelis De caelo commentaria.lEnglish10aSimplicius on the planets and their motionsh[electronic resource] :bin defense of a heresy /cby Alan C. Bowen. aLeiden ;aBoston :bBrill,c2013. axviii, 329 p. :bill.1 aPhilosophia antiqua : a series of studies on ancient philosophy,x0079-1687 ;vv. 133 aIncludes bibliographical references and indexes. aElectronic reproduction.bPalo Alto, Calif. :cebrary,d2013.nAvailable via World Wide Web.nAccess may be limited to ebrary affiliated libraries.00aSimplicius,cof Cilicia.00aAristotle.tDe caelo. 0aAstronomyvEarly works to 1800. 7aElectronic books.2local1 aBowen, Alan C.2 aebrary, Inc. 0aPhilosophia antiqua ;vv. 133.40uhttp://site.ebrary.com/lib/rucke/Doc?id=10639348zAn electronic book accessible through the World Wide Web; click to view c49456d49456